Top 5 Songs On It Was Written (Nas) - Statistics

General Stats
  • This quiz has been taken 10 times
  • The average score is 4 of 5
Answer Stats
Hint Answer % Correct
220,694,388 If I Ruled The World (Imagine That)(feat. Lauryn Hill)
100%
120,103,706 The Message
100%
35,087,536 Street Dreams
78%
15,002,879 Take It In Blood
78%
33,670,971 Affirmative Action(feat. AZ, Cormega & Foxy Brown)
67%
No matching quizzes found
Score Distribution
Percent of People with Each Score
Percentile by Number Answered
Your Score History
You have not taken this quiz